000 00607nam a2200241Ia 4500
003 OSt
005 20220926005429.0
006 a|||||r|||| 00| 0
007 ta
008 220923b |||||||| |||| 00| 0 eng d
020 _a978884890853
037 _cGeneral Book
040 _aRTL
_cRTL
_beng
041 _2eng
_aeng
082 _aB44, P6
100 _aDiestel Reinhard
_9268589
245 0 _aGraph theory
250 _a3
260 _a New Delhi
_bSpringer
_c2006
300 _axvi, 410p
_ccm.
942 _hB44, P6
_cGB
_2CC
999 _c613830
_d613830